Cosas de la colonia: apuntes para la crónica del siglo XVIII en Chile. Primera serie

Uloženo v:
Podrobná bibliografie
Médium: Kniha
Jazyk:španělština
Vydáno: Santiago Imprenta Ercilla 1889
Vydání:1a. ed
Témata:
Tagy: Přidat tag
Žádné tagy, Buďte první, kdo vytvoří štítek k tomuto záznamu!

MARC

LEADER 00000nam a2200000 a 4500
001 UCJ3448
003 CL-VaPUC
005 20250505102431.0
008 070124e18890000CL |||||||||||||||||spa|d
999 |c 319570  |d 319568 
040 |c Pontificia Universidad Católica de Valparaíso 
082 0 4 |a 983  |b MED  |2 21 
245 1 0 |a Cosas de la colonia: apuntes para la crónica del siglo XVIII en Chile. Primera serie 
250 |a 1a. ed 
260 |a Santiago  |b Imprenta Ercilla  |c 1889 
300 |a 392 p 
500 |a 8§.- Anteport.- v. en bl.- Port. v. en bl. Dedicatoria a Domingo Silva Rengifo, Manuel Núñez, Alberto Valdivieso Araos y Manuel Zúñiga Medina.- Este volumen corresponde a la Primera Serie.- Chiappa-Feliú Cruz, N§ 42. Estos mismos bibliógrafos de Medina y con el N§ 194, colacionan la Segunda Serie, editada por Imprenta Cervantes en 1910 a la fecha no existente en esta biblioteca. La edición del Centenario de Medina, de 1952, existente en esta Biblioteca, reúne ambas Series.- Esta obra fue reimpresa en 1952 con motivo de Centenario del nacimiento del polígrafo. La obra en sí trata de todo aquello que pueda despertar interés al estudioso de la Colonia. Por medio de cortos capítulos el autor nos introduce en el período inmediatamenbte anterior a la Independencia y que tanta significación tuvo más tarde en el desenvolvimiento intelectual del país. La crítica señala a esta obra como una de las más débiles del autor 
583 |a last modification  |c 20170518 01:21:42  |k Rodrigo Vera 
650 0 |a Historia de Chile  |9 265473 
650 0 |a Vida social  |9 337244 
650 7 |a INSTITUCIONES  |2 CL-VaPUC  |9 329701 
650 7 |a DESARROLLO URBANO  |2 CL-VaPUC  |9 505300 
650 0 |a Gobierno local  |9 258648 
650 0 |a Iglesia Católica  |9 256114 
650 0 |a Hacienda pública  |9 258673 
650 0 |a Educación  |9 258661 
650 0 |a Salud pública  |9 258913 
651 0 |a Santiago  |9 265444 
942 |c BK  |2 ddc 
945 |d 20070124 00:00:00  |a rinostro 
952 |0 0  |1 0  |4 0  |6 983_000000000000000_MED_1889  |7 0  |8 X  |9 397919  |a FDOBUD  |b FDOBUD  |d 2019-11-22  |i 1004034  |o 983 MED 1889  |p 1004034  |r 2019-11-22  |w 2019-11-22  |y BK_X  |k BUD